logo

Bir Sreshtho Munshi Abdur Rouf Library
Jhenaidah Cadet College

Mandate for change. (Record no. 9388)

MARC details
000 -LEADER
fixed length control field 00747cam a2200253 a 4500
001 - CONTROL NUMBER
JCCL Control Number 9388
003 - CONTROL NUMBER IDENTIFIER
JCCL marc code BD-JhCC
005 - DATE AND TIME OF LATEST TRANSACTION
control field 20180313175350.0
008 - FIXED-LENGTH DATA ELEMENTS--GENERAL INFORMATION
fixed length control field 061020m20049999ph a f000 0 eng
035 ## - SYSTEM CONTROL NUMBER
system control number (BD-JhCC)9388
040 ## - CATALOGING SOURCE
Original cataloging agency DLC
Transcribing agency DLC
Modifying agency DLC
-- BD-JhCC
041 ## - LANGUAGE CODE
Language code of Book eng
050 00 - LIBRARY OF CONGRESS CALL NUMBER
Classification number DS686.614
Item number .A784 2004
082 ## - DEWEY DECIMAL CLASSIFICATION NUMBER
Author mark and Year ARR 2004
100 1# - MAIN ENTRY--PERSONAL NAME
Personal name Arroyo, Gloria Macapagal-,
Dates associated with a name 1947-
245 10 - TITLE STATEMENT
Title Mandate for change.
260 ## - PUBLICATION, DISTRIBUTION, ETC. (IMPRINT)
Place of publication, distribution, etc Quezon City :
Name of publisher, distributor, etc Philippine Information Agency,
Date of publication, distribution, etc 2004-
300 ## - PHYSICAL DESCRIPTION
Pagination v. <1> :
Other physical details ill. (some col.) ;
Dimensions 23 cm.
505 1# - FORMATTED CONTENTS NOTE
Formatted contents note v. 1. The president's 10-point legacy program
651 #0 - SUBJECT ADDED ENTRY--GEOGRAPHIC NAME
Geographic name Philippines
General subdivision Politics and government
Chronological subdivision 1986-
710 2# - ADDED ENTRY--CORPORATE NAME
Corporate name or jurisdiction name as entry element Philippine Information Agency.
942 ## - ADDED ENTRY ELEMENTS (KOHA)
Source of classification or shelving scheme Dewey Decimal Classification
Koha item type Books
Holdings
Source of classification or shelving scheme Damaged status Not for loan Home library Current library Shelving location Date of accession Full call number Barcode Date last seen Copy number Method of acquisition Koha item type Currency
Dewey Decimal Classification     JCC Rouf Library JCC Rouf Library General Stacks 10/29/2023 ARR 324.2 2004 12524 03/13/2018 C - 1 Purchase Books BDT

JCC Library | Contacts | JCC Home

Last Update on 23 September 2017
Copyright @ 2017-2020 JCC Rouf Library
Rouf Library, Jhenidah Cadet College (JCC), Bangladesh